MDQL
is popping MORE tags! Check the
thread
!
Quizzes
Events
Quiz Creation
Community
Videos
Private Events
Remove Ads
Sign In
Join for FREE
Feedback
Dark Mode
Quiz Categories
Sports
Geography
Music
Movies
Television
Just For Fun
Miscellaneous
History
Literature
Language
Science
Gaming
Entertainment
Religion
Holiday
For Kids
Quiz Lab
Recent
Popular Today
Quiz Kudos Today
Editor Picks
Curator Picks
Quizzes by...
Day
Popularity
Type
Ratings
Length
Year
Community
Subscriptions
Recent Discussions
Orange Saloon
Badges
Playlists
Quests
Create
Leaderboards
Showdown
Live 5
Trivia Bingo
Activity
Puzzle Library
Sporcle Events
Private Events
Virtual Trivia
Globe League
Become a Host
Pub Owners
SporcleCon
Opinionation
Our Games
Videos
Blog
Mobile Apps
Partnerships
Remove Ads and Go Orange
Feedback
Entertainment
Celebrity
Famous
Musical
Broadway
Show
Quote
Comic Books
Anime
Superhero
DC Comics
Marvel
Cartoons
Animation
Entertainment
Celebrity
Famous
Musical
Broadway
Show
Quote
Comic Books
Anime
Superhero
DC Comics
Marvel
Cartoons
Animation
Random Quiz
Search Sporcle
×
Quiz Lab
Quiz Lab
Entertainment
Clickable
Select answers by clicking on text or image buttons
Select answers by clicking on text or image buttons
Clickable
Best Score? Go Orange.
Class given Medications 41-80 and OTC 11-20 Stats
Can you pick the Class given Medications 41-80 and OTC 11-20?
By
kewellowen
10m
50 Questions
91 Plays
91 Plays
91 Plays
Comments
Comments
Give Quiz Kudos
Give Quiz Kudos
-
- Ratings
hide this ad
Forced Order
Answers have to be entered in order
Answers have to be entered in order
Random Order
Randomize order of answers
Randomize order of answers
Replay
Link that replays current quiz
Next Quiz
Link to next quiz in quiz playlist
You Got
0%
They Got
Avg Score
68%
Avg Friend Score
Upgrade to see
Score Distribution
Jump to the score distribution portion of the page
Score
0/50
Timer
10:00
0
Plays Today
% Correct
Hmg Coenzyme Reductase Inhibitor|Anti-Hyperlipidemic
84.6%
Fluoroquinolone Antibiotic
80.2%
Hmg Coenzyme Reductase Inhibitor|Anti-Hyperlipidemic
80.2%
Non-Steroidal Anti-Inflammatory (NSAID)
80.2%
Non-Steroidal Anti-Inflammatory (NSAID)
80.2%
Opioid Analgesic
78%
Proton Pump Inhibitor (PPI)
76.9%
Antifungal
75.8%
Beta-2 Agonist|Bronchodilator
75.8%
Fluoroquinolone Antibiotic
75.8%
Beta-2 Agonist|Bronchodilator
74.7%
Anti-Anxiety Agent
73.6%
Selective Serotonin Reuptake Inhibitors (SSRI)
73.6%
Angiotensin II Receptor (ARB) Antagonists|Thiazide Diuretic
73.6%
Analgesic
73.6%
Expectorant
72.5%
Opioid Analgesic
71.4%
Potassium Sparing Diuretic|Thiazide Diuretic Combination
70.3%
Angiotensin II Receptor (ARB) Antagonists
70.3%
Dietary Supplement
69.2%
Antidiarrheal
69.2%
Inhaled Corticosteroid|Long Acting Beta-2 Agonist
68.1%
Anti-Emetic
68.1%
Antidiarrheal
68.1%
Histamine (H2) Receptor Antagonist|Anti-Secretory
67%
% Correct
Serotonin and Norepinephrine Reuptake Inhibitor (SNRI)
67%
Antidepressant
65.9%
Skeletal Muscle Relaxant
65.9%
Atypical Antipsychotic
65.9%
Sulfonylurea Anti-Diabetic
65.9%
Alpha And Beta Receptor Antagonists|Anti-Hypertensive
64.8%
Tetracycline Antibiotic
63.7%
Xanthine Oxidase Inhibitors|Prevention Of Gout
63.7%
Angiotensin Converting Enzyme Inhibitor (Ace-Inhibitor)
63.7%
Potassium Supplement
63.7%
Angiotensin Converting Enzyme Inhibitor (Ace-Inhibitor)|Calcium Channel Blocker Combination
63.7%
2nd Generation Antihistamine and decongestant
63.7%
Alpha-1 Blocker|BPH Agent
62.6%
Stool Softener
62.6%
Corticosteroid
62.6%
Bisphosphanate
61.5%
Alpha-2 Receptor Agonist
61.5%
Thiazolidinediones (Glitazones)|Anti-Diabetic
61.5%
Topical analgesic
61.5%
Stimulant laxative
61.5%
Potassium Sparing Diuretic
60.4%
Glucocorticoid Anti-Inflammatory
59.3%
2nd Generation Antshistamine
59.3%
Sedative
58.2%
Tricyclic Antidepressant
56%
Quiz Playlist
Details
Report
Send in Message
Add To Playlist
Clickable:
Select answers by clicking on text or image buttons
Forced Order:
Answers have to be entered in order
Random Order:
Randomize order of answers
Last Updated: Feb 16, 2017
Quiz Scoreboard
CHALLENGE
Sign Up to Join the Scoreboard
Show All
Scores
Hide
Comments
May contain spoilers
Recently Published
Colored Red Africa Blitz
by spor1
Geography
30s
Find the 'City' Movie
by crazypaving
Movies
60s
5x2 Blitz: Bands
by SL_Kpop136
Music
30s
More to Explore
Quiz From the Vault
Featured Blog Post
14 Easter Pick-up Lines to Find Eggs With
hide this ad
You Might Also Like...
Tags
Clickable Quiz
11-20
class
Medication
Today's Top Quizzes in Entertainment
Browse Entertainment
hide this ad
Today's Top Quizzes in Clickable
Browse Clickable
Top Contributed Quizzes in Entertainment
1
Dragon Ball Z: Goku's Fights in Order
2
Celebrity Spelling Bee
3
Fairy Tail 12-1
4
Marvel Characters Bunker
5
X-Men: 10 to 1
6
'Dear Evan Hansen' Start to Finish
7
Click the 'C' Cartoon Characters II
8
Homestuck Ship Identification (Part 1)
9
How well do you know BTS?
10
Obscure Knowledge - 7 Dirty Words
Explore More
Trending Topics
NBA
Harry Potter
Marvel
Anime
Crossword
Disney
Kpop
Song
WWE
The Office
Puzzle
NFL
Pokémon
Soccer
Country
hide this ad
More By:
kewellowen
Quiz
Plays
Rating
Category
Featured
Created
Brand Medications 41-80 and OTC 11-20
168
4.00
Science
Feb 10, 2013
Reference Ranges for Hematology
225
Science
Sep 4, 2013
Name Generic Given Brand and Class, 161-200; OTC, 41-50
211
Science
Apr 24, 2013
NFL Nicknames
201
3.20
Sports
Jan 3, 2013
Generic Medications 41-80 and OTC 11-20
198
Science
Feb 10, 2013
Name Brand given Class and Generic 161-200; OTC 41-50
194
Science
Apr 24, 2013
Go to Creator's Profile
Score Distribution
Quiz Creator Spotlight
kewellowen
Follow
Send a Message
Quizzes Created
-
Created Quiz Play Count
-
More By This Creator
Popular Quizzes Today
1
Find the 'City' Movie
2
5x2 Blitz: Bands
3
Colored Red Africa Blitz
4
Find the US States - No Outlines Minefield
5
The Countries of the World
6
Find the US States
7
9x9 Crossword: Cartoon Network
8
US States
More Entertainment Quizzes
Ballets by Picture
Published
Trending Quizzes
Colored Red Europe Blitz I
Colored Red Africa Blitz II
Colored Red Europe Blitz III
Colored Red Europe Blitz II
Colored Red Africa Blitz III
Recently Updated
Champions League XIs: Real Madrid
pecheneg
Largest US Cities 1790-2010
pecheneg
Rides in Walt Disney World
pecheneg
Most Oscar Losses (Acting)
pecheneg
Beyoncé Albums
pecheneg
Leaping Animals
pecheneg
Reality TV Shows (A-Z)
bhenderson79
Rickey Henderson's Hall of Fame Teammates
pecheneg
Champions League XIs: Arsenal
pecheneg
Quick Pick: Celebrities in WWE's Hall of Fame
aduchscher
Trending Topics
Harry Potter
Crossword
Anime
Marvel
Kpop
NBA
Disney
The Office
Country
Pokémon
Song
Puzzle
WWE
NFL
Soccer
Your Account Isn't Verified!
In order to create a playlist on Sporcle, you need to verify the email address you used during registration. Go to your
Sporcle Settings
to finish the process.
Report this User
Report this user for behavior that violates our
Community Guidelines
.
Details:
Send Report
Go to the Sporcle.com Mobile Site →
Comments